000 00753nam1a22002291 4500
001 rc\566970
005 20030616170702.6
035 _a(NLR Aleph) 005814034
090 _a5412777
_c5412777
100 _a20030616g19889999u |0rusy50 ca
101 0 _arus
102 _aRU
105 _ay |||||||||
200 1 _aНаши жертвы были не напрасны
_e[Нем. коммунисты в борьбе против фишизма и войны], 1933-1945
_e[Сборник
_eПер. с нем.
_fСост. Г.Я. Рудой]
210 _aМ.
_cПолитиздат
_d1988-
215 _d17
702 1 _aРудой
_bГ. Я.
_4220
801 0 _aRU
_bNLR
_gpsbo
801 1 _aRU
_bELAR
_2rusmarc
852 _aNLR
_j88-2/519
942 _cBOOK
980 _aNB